000 00256nam a22001217a 4500
008 171005b xxu||||| |||| 00| 0 eng d
041 _aeng
080 _a159.9
100 _a49
101 _aPSI
245 _aSCHIZOPHRENIA
_cSTRAUSS,J.S
942 _2udc
_cBK
999 _c31995
_d31995